| 000 | 00511ntaaa2200181 4500 | ||
|---|---|---|---|
| 003 | 01 | ||
| 005 | 20251027201547.0 | ||
| 008 | 0714s1973 ag 01 | ||
| 040 |
_aAR-BaBN _bspa _cAR-BaBN _eaacr _dRIC |
||
| 082 | _a230.0000 B38 | ||
| 100 |
_aBeckwith, Clarence Agustine _914287 |
||
| 245 | _aRealities of Christian Theology | ||
| 250 |
_a1 ed. : _bHoughton, Mifflin and Company, _cc/906 |
||
| 300 | _axiv, 406 p. | ||
| 500 | _aAn interpretation of the Christian experience. | ||
| 650 | _aTeologĂa | ||
| 942 | _cBK | ||
| 999 |
_c10232 _d10232 |
||